• 首页
  • 本馆介绍
  • 公告通知
  • 最新文献
  • 馆藏检索
  • 电子资源
  • 读者导购
  • 参考咨询
  • 我的图书馆
  • 登录
  • 详细信息显示
  • 放入我的书架
  • 预约/预借图书
  • 作者相关作品
  • 分类相关作品
  • 丛书相关作品
  • 出版社相关作品

书目信息

  • 表格格式
  • 工作单格式
  • 卡片格式
题名:
多无人机自主协同控制理论与方法
    
 
作者: 沈林成 , 牛轶峰 , 朱华勇 勇著
分册:  
出版信息: 北京   国防工业出版社  2018.6
页数: 410页
开本: 24cm
丛书名:
单 册:
中图分类: V279
科图分类:
主题词: 无人驾驶飞机--自动飞行控制--研究
电子资源:
ISBN: 978-7-118-11637-3
000 01022nam0 2200253 450
001 351
005 20180925104148.21
010    @a978-7-118-11637-3@dCNY80.00
100    @a20180531d2018 em y0chiy0110 ea
101 0  @achi
102    @aCN@b110000
105    @ay z 000yy
200 1  @a多无人机自主协同控制理论与方法@9duo wu ren ji zi zhu xie tong kong zhi li lun yu fang fa@f沈林成,牛轶峰,朱华勇著
205    @a2版
210    @a北京@c国防工业出版社@d2018.6
215    @a410页@d24cm
330    @a本书主要内容包括:多无人机协同执行作战任务对自主与协同控制关键理论与技术,针对多机协同作战中的任务复杂性、环境复杂性、建模复杂性、计算复杂性和时间敏感性等特点,展开协同控制体系结构,智能仿生计算方法,协同任务分配与协调、协同航线规划与编队控制,以及典型作战应用等。
606 0  @a无人驾驶飞机@x自动飞行控制@x研究
690    @aV279@v5
701  0 @a沈林成@9shen lin cheng@4勇著
701  0 @a牛轶峰@9niu yi feng@4勇著
701  0 @a朱华勇@9zhu hua yong@4著
801  0 @aCN@b91CIP@c20180531
905    @aMuseLib@dV279@e54=2
    
    多无人机自主协同控制理论与方法/沈林成,牛轶峰,朱华勇著.-2版.-北京:国防工业出版社,2018.6
    410页;24cm
    
    
    ISBN 978-7-118-11637-3:CNY80.00
    本书主要内容包括:多无人机协同执行作战任务对自主与协同控制关键理论与技术,针对多机协同作战中的任务复杂性、环境复杂性、建模复杂性、计算复杂性和时间敏感性等特点,展开协同控制体系结构,智能仿生计算方法,协同任务分配与协调、协同航线规划与编队控制,以及典型作战应用等。
●
相关链接 在E读中查询图书 在五车中查询图书 在当当中查询图书 在豆瓣中查询图书


正题名:多无人机自主协同控制理论与方法     索取号:V279/54=2         预约/预借

序号 登录号 条形码 馆藏地/架位号 状态 备注
1 1119474   211194740   第二样本阅览室/ [索取号:V279/54=2] 在馆    
2 1119475   211194759   第三借阅区/ [索取号:V279/54=2] 在馆    
3 1119476   211194768   第三借阅区/ [索取号:V279/54=2] 在馆    
4 1119477   211194777   第三借阅区/ [索取号:V279/54=2] 在馆    
5 1119478   211194786   第三借阅区/ [索取号:V279/54=2] 在馆    
唐山师范学院图书馆 欢迎您!
大连网信软件有限公司© 版权所有